00549nam a2200181Ia 4500003000500000008004100005020001800046040001900064082000700083100002300090245005500113260003700168300000800205546001200213942001200225999001700237952011300254STCL181203s9999 xx 000 0 und d a9788178244594 aSTCLbENcSTCL 222 aRangarajan, Mahesh 0aNature and Nation: Essays on Environmental History bPermanent BlackaNew Delhic2015 a346 aEnglish 2ddccBK c86495d86495 00102ddc4070aSTCALbSTCALcGENd2018-12-03l0o304.209 RAN-Np95097r2018-12-03 00:00:00w2018-12-03yBK